00771nam 22002651 4500001000800000005001700008008004100025035002100066906004500087010001700132015001400149035001800163040002200181050001600203082000800219100002900227245003300256260003100289300001900320440003100339650002500370985002100395991005700416099003200473743196819980421193004.0730104s1951 xx 000 0 eng  9(DLC) 51005289 a7bcbccoclcrplduencipf19gy-gencatlg a 51005289  aGB51-8215 a(OCoLC)529038 aDLCcOAUdUkdDLC00aQ175b.B792 a5011 aBronowski, Jacob,d1908-14aThe common sense of science. aLondon,bHeinemannc[1951] a154 p.c19 cm. 0aContemporary science books 0aSciencexPhilosophy. eOCLC REPLACEMENT bc-GenCollhQ175i.B792p00008374545tCopy 1wOCLCREP abronowski-common-1072037029